Hot drinks - Japan : April 2010.

Bibliographic Details
Format: Book
Published: London: Euromonitor International, 2010.
Series:Country report : April 2010
Subjects:
LEADER 00582cam a2200181 7i4500
001 0000026409
005 20110602090000.0
090 0 0 |a JAPN 641.2   |b HOT 
245 0 0 |a Hot drinks - Japan :   |b April 2010. 
260 0 0 |a London:   |b Euromonitor International,   |c 2010. 
300 # # |a [v.p]. 
440 0 0 |a Country report : April 2010 
650 0 0 |a Beverages --   |x Markets --   |z Japan  
650 0 0 |a Hot drinks --   |x Markets --   |z Japan  
650 0 0 |a Tea --   |x Markets --   |z Japan  
650 0 0 |a Coffee --   |x Markets --   |z Japan  
651 0 0 |a Japan  
999 |a B000028677  |b Book  |c Countries  |e Business Information Centre